<?xml version="1.0" encoding="UTF-8"?>
<collection xmlns:xsi="http://www.w3.org/2001/XMLSchema-instance" xsi:schemaLocation="http://www.loc.gov/MARC21/slim http://www.loc.gov/standards/marcxml/schema/MARC21slim.xsd" xmlns="http://www.loc.gov/MARC21/slim">
 <record>
  <leader>00000cab a22000003a 4500</leader>
  <controlfield tag="001">UP-99796217610303817</controlfield>
  <controlfield tag="003">Buklod</controlfield>
  <controlfield tag="005">20231008000654.0</controlfield>
  <controlfield tag="006">a    grb    001 u|</controlfield>
  <controlfield tag="007">ta</controlfield>
  <controlfield tag="008">120510s        xx     d | ||r |||||   ||</controlfield>
  <datafield tag="040" ind1=" " ind2=" ">
   <subfield code="a">DENG</subfield>
  </datafield>
  <datafield tag="041" ind1=" " ind2=" ">
   <subfield code="a">eng</subfield>
  </datafield>
  <datafield tag="100" ind1="0" ind2=" ">
   <subfield code="a">Ichimura, T.</subfield>
  </datafield>
  <datafield tag="245" ind1="0" ind2="0">
   <subfield code="a">Strong ground motion prediction using macro?micro analysis method.</subfield>
  </datafield>
  <datafield tag="300" ind1=" " ind2=" ">
   <subfield code="a">pp. 395-417</subfield>
  </datafield>
  <datafield tag="520" ind1=" " ind2=" ">
   <subfield code="a">The authors propose a new analysis method, called the macro?micro analysis method (MMAM) in a companion paper. (Earthquake Engng. Struct. Dyn., this issue) for strong motion prediction with higher resolution and accuracy. The MMAM takes advantage of the bounding medium theory to obtain optimistic and pessimistic estimates of the expected strong motion and the singular perturbation expansion that leads to an efficient multi-scale analysis. The results of the numerical simulation with the MMAM are given as the sum of waves of low resolution covering the whole city and waves of high resolution for each part of the city. While the huge computation amount is reduced by the MMAM, the computation amount is huge still. For resolving this problem, this paper applies the finite element method with voxel element to numerical simulation tools after some numerical verification. To reproduce complicated material properties of surface soft deposits, fundamental hysteresis attenuation is implemented in the three-dimensional simulation code. The proposed method is verified by carrying out the strong motion prediction with MMAM and comparing with measured data. In addition, the effect of three-dimensional soil?structure and frequency component on the maximum velocity distribution, which is simulated by proposed method with high spatial resolution, is discussed.</subfield>
  </datafield>
  <datafield tag="653" ind1=" " ind2=" ">
   <subfield code="a">Earthquake strong motion prediction.</subfield>
  </datafield>
  <datafield tag="653" ind1=" " ind2=" ">
   <subfield code="a">Multi-scale analysis.</subfield>
  </datafield>
  <datafield tag="653" ind1=" " ind2=" ">
   <subfield code="a">Uncertainty.</subfield>
  </datafield>
  <datafield tag="653" ind1=" " ind2=" ">
   <subfield code="a">Stochastic modelling.</subfield>
  </datafield>
  <datafield tag="653" ind1=" " ind2=" ">
   <subfield code="a">Bounding media.</subfield>
  </datafield>
  <datafield tag="653" ind1=" " ind2=" ">
   <subfield code="a">Macro?micro analysis method.</subfield>
  </datafield>
  <datafield tag="773" ind1="0" ind2=" ">
   <subfield code="t">Earthquake engineering &amp; structural dynamics.</subfield>
   <subfield code="g">35, 4 (2006).</subfield>
  </datafield>
  <datafield tag="905" ind1=" " ind2=" ">
   <subfield code="a">FO</subfield>
  </datafield>
  <datafield tag="852" ind1=" " ind2=" ">
   <subfield code="a">UPD</subfield>
   <subfield code="b">DENG</subfield>
  </datafield>
  <datafield tag="942" ind1=" " ind2=" ">
   <subfield code="a">Article</subfield>
  </datafield>
 </record>
</collection>
